000 00437nam a2200181Ia 4500
001 20158
005 20260306172745.0
008 260306t2003||||xx |||||||||||||| ||spa||
041 _aESP
082 _a342.8
_bI478
100 _aIrti, Natalino
_eAUT
245 0 _aIntroducción al estudio del derecho privado
260 _c2003
300 _a261 páginas :
_c21 cm.
650 _aGEN
654 _aCDE
942 _cLIB
_dJUS
_fJUS
_2ddc
_n
999 _c20158
_d20158